000 00290nam a2200109Ia 4500
008 200302s9999 xx 000 0 und d
100 _aEileen Harris
245 _aBritish Architectural Books and Writers 1556-1785
260 _bCambridge University Press
260 _c1990
300 _a571 P.,
999 _c1313
_d1313